[Event "Corr"]
[Site "?"]
[Date "2002.01.15"]
[Round "?"]
[White "Ekebjaerg Ove (DEN)"]
[Black "Oosterom Joop J.van (NED)"]
[Result "0-1"]
[WhiteElo "2635"]
[BlackElo "2714"]
[PlyCount "72"]
[EventDate "2002.??.??"]
[Source "www.chesslib.no"]
[SourceDate "2004.05.04"]

1. Nc3 d5 2. e4 d4 3. Nce2 e5 4. Ng3 Be6 5. Nf3 f6 6. Be2 Nh6 7. O-O c5 8. Bb5+ Nd7 9. Qe2 g6 10. Bc4 Qe7 11. Bxe6 Qxe6 12. d3 Nf7 13. c4 Be7 14. Re1 h5 15. Nh4 Rg8 16. h3 O-O-O 17. a3 Rdf8 18. b4 Bd8 19. Kh1 Qc6 20. b5 Qb6 21. a4 f5 22. a5 Qf6 23. Nxg6 Qxg6 24. exf5 Qh7 25. a6 Nd6 26. Qf3 Kb8 27. Qd5 Bc7 28. h4 Qf7 29. Qf3 Rxg3 30. fxg3 Qxf5 31. Qxf5 Nxf5 32. g4 hxg4 33. Bg5 e4 34. dxe4 Nxh4 35. axb7 Ng6 36. Ra6 Nge5 0-1

[Event "Corr"]
[Site "?"]
[Date "2002.01.15"]
[Round "?"]
[White "Ekebjaerg Ove (DEN)"]
[Black "Rause Mrs.Olita (LAT)"]
[Result "1/2-1/2"]
[WhiteElo "2635"]
[BlackElo "2708"]
[PlyCount "51"]
[EventDate "2002.??.??"]
[Source "www.chesslib.no"]
[SourceDate "2004.05.04"]

1. Nc3 d5 2. e4 dxe4 3. Nxe4 Bf5 4. Ng3 Bg6 5. Nf3 Nd7 6. Bc4 e6 7. d3 Ngf6 8. O-O c6 9. Re1 Qc7 10. a4 Bd6 11. Qe2 O-O 12. Nh4 Rfe8 13. Nxg6 hxg6 14. Bg5 Bf4 15. Bxf4 Qxf4 16. c3 a5 17. Ne4 Ne5 18. Nxf6+ gxf6 19. b3 Rad8 20. Rab1 Kg7 21. h3 Re7 22. d4 Nxc4 23. bxc4 c5 24. Qe3 Qh4 25. f4 Rc7 26. Rec1 1/2-1/2

[Event "Corr"]
[Site "?"]
[Date "2002.01.15"]
[Round "?"]
[White "Ekebjaerg Ove (DEN)"]
[Black "Tarnowiecki Harald"]
[Result "0-1"]
[WhiteElo "2635"]
[BlackElo "2692"]
[PlyCount "56"]
[EventDate "2002.??.??"]
[Source "www.chesslib.no"]
[SourceDate "2004.05.04"]

1. Nc3 d5 2. e4 d4 3. Nce2 e5 4. Ng3 Be6 5. Nf3 f6 6. Be2 Ne7 7. O-O g6 8. d3 c5 9. Ne1 h5 10. f4 exf4 11. Bxf4 Nd7 12. c4 Nc6 13. Nh1 Be7 14. a3 a6 15. Rb1 b5 16. b3 Qb6 17. Nf2 b4 18. axb4 cxb4 19. Nf3 g5 20. Bd2 Nc5 21. Ne1 Bf7 22. Nf3 Bd6 23. Qe1 Rb8 24. Kh1 Bg6 25. Nh3 O-O 26. Qc1 Qd8 27. Nf2 Rb7 28. Qc2 a5 0-1

[Event "Corr"]
[Site "?"]
[Date "2002.01.15"]
[Round "?"]
[White "Ekebjaerg Ove (DEN)"]
[Black "Anton Volker-Michael (GER"]
[Result "1/2-1/2"]
[WhiteElo "2635"]
[BlackElo "2664"]
[PlyCount "70"]
[EventDate "2002.??.??"]
[Source "www.chesslib.no"]
[SourceDate "2004.05.04"]

1. Nc3 d5 2. e4 e6 3. f4 dxe4 4. Nxe4 Nf6 5. c3 c5 6. Nf3 Nc6 7. Qc2 Be7 8. Bc4 Bd7 9. O-O O-O 10. Nfg5 g6 11. Nxf6+ Bxf6 12. Ne4 Be7 13. Be2 Qc7 14. d3 f5 15. Nd2 Rae8 16. a4 a6 17. Bf3 b5 18. axb5 axb5 19. g3 Bd6 20. Nb3 c4 21. dxc4 bxc4 22. Nd4 Bc5 23. Be3 e5 24. fxe5 Nxe5 25. Bd5+ Kh8 26. Bh6 Rf6 27. Bf4 Qb6 28. Bxe5 Rxe5 29. Bxc4 Bc6 30. Rf2 f4 31. Qd2 Bb7 32. Raf1 Qd6 33. Rxf4 Qc6 34. R1f3 Rxf4 35. gxf4 Re7 1/2-1/2

[Event "Corr"]
[Site "?"]
[Date "2002.01.15"]
[Round "?"]
[White "Ekebjaerg Ove (DEN)"]
[Black "Bang Erik (DEN)"]
[Result "1/2-1/2"]
[WhiteElo "2635"]
[BlackElo "2658"]
[PlyCount "46"]
[EventDate "2002.??.??"]
[Source "www.chesslib.no"]
[SourceDate "2004.05.04"]

1. Nc3 d5 2. e4 dxe4 3. Nxe4 Nd7 4. Bc4 Ndf6 5. Ng5 e6 6. d4 Bd6 7. Ne2 Ne7 8. O-O O-O 9. Bf4 Ned5 10. Bg3 b6 11. Qd3 h6 12. Bxd6 Qxd6 13. Ne4 Nxe4 14. Qxe4 Bd7 15. c3 Bc6 16. Bd3 Nf6 17. Qe3 Rfe8 18. Ng3 Nd5 19. Ne4 Nxe3 20. Nxd6 Nxf1 21. Nxe8 Rxe8 22. Kxf1 e5 23. dxe5 Rxe5 1/2-1/2

[Event "Corr"]
[Site "?"]
[Date "1999.06.30"]
[Round "?"]
[White "Ekebjaerg Ove (DEN)"]
[Black "Sloth Jorn"]
[Result "1/2-1/2"]
[WhiteElo "2635"]
[BlackElo "2610"]
[PlyCount "54"]
[EventDate "1999.??.??"]
[Source "www.chesslib.no"]
[SourceDate "2004.05.04"]

1. Nc3 e6 2. e4 d5 3. f4 dxe4 4. Nxe4 Nf6 5. Qe2 Be7 6. Nf3 O-O 7. d3 Nc6 8. c3 b6 9. Qc2 Bb7 10. Be2 Nb8 11. Nxf6+ Bxf6 12. d4 Nd7 13. Be3 c5 14. O-O cxd4 15. Bxd4 Qc7 16. Bd3 Bxf3 17. Bxh7+ Kh8 18. Rxf3 g6 19. Bxg6 fxg6 20. Qxg6 Bxd4+ 21. cxd4 Nf6 22. Re1 Nh7 23. Rxe6 Rxf4 24. Re8+ Rxe8 25. Qxe8+ Nf8 26. Qh5+ Nh7 27. Qe8+ Nf8 1/2-1/2

[Event "Vladislav Tkachiev (simultanee aveugle)"]
[Site "?"]
[Date "2004.02.11"]
[Round "1"]
[White "Tkachiev Vladislav"]
[Black "Alain TARDIZ"]
[Result "1-0"]
[WhiteElo "2620"]
[BlackElo "2622"]
[PlyCount "57"]
[EventDate "2004.??.??"]
[Source "www.chesslib.no"]
[SourceDate "2004.05.04"]

1. Nc3 c5 2. d4 e6 3. Nf3 d5 4. e4 dxe4 5. Nxe4 cxd4 6. Nxd4 a6 7. Bd3 Be7 8. O-O Nf6 9. c3 O-O 10. Qe2 Nd5 11. Rd1 Nc6 12. Nxc6 bxc6 13. c4 Nf6 14. Nxf6+ Bxf6 15. Bxh7+ Kxh7 16. Rxd8 Rxd8 17. Qh5+ Kg8 18. Bg5 Bxg5 19. Qxg5 Bb7 20. h4 f6 21. Qg6 Rd7 22. h5 c5 23. h6 Rad8 24. Re1 e5 25. Re3 Re7 26. Rg3 Rdd7 27. hxg7 Rd1+ 28. Kh2 Bc8 29. Qh6 1-0

[Event "Corr"]
[Site "?"]
[Date "1999.06.30"]
[Round "?"]
[White "Ekebjaerg Ove (DEN)"]
[Black "Volchok Alexander"]
[Result "1/2-1/2"]
[WhiteElo "2635"]
[BlackElo "2602"]
[PlyCount "68"]
[EventDate "1999.??.??"]
[Source "www.chesslib.no"]
[SourceDate "2004.05.04"]

1. Nc3 d5 2. e4 d4 3. Nce2 e5 4. Ng3 Be6 5. Nf3 f6 6. Be2 Qd7 7. O-O Ne7 8. d3 Ng6 9. h3 Bd6 10. Nh2 O-O 11. Bg4 c5 12. Bxe6+ Qxe6 13. Nf5 Ne7 14. Nxe7+ Bxe7 15. f4 Nc6 16. f5 Qf7 17. Nf3 c4 18. g4 cxd3 19. cxd3 Rac8 20. Bd2 Bb4 21. Bc1 Rc7 22. g5 Qh5 23. Kh2 Bd6 24. Rg1 Ne7 25. Rg3 fxg5 26. Bxg5 Kh8 27. Bxe7 Bxe7 28. Rc1 Rfc8 29. Rxc7 Rxc7 30. Qa4 a6 31. Nxe5 b5 32. Qxd4 Bf6 33. Qd6 Rc2+ 34. Rg2 Bxe5+ 1/2-1/2

[Event "Corr"]
[Site "?"]
[Date "1999.06.30"]
[Round "?"]
[White "Ekebjaerg Ove (DEN)"]
[Black "Rittner Horst Robert (GER)"]
[Result "1/2-1/2"]
[WhiteElo "2635"]
[BlackElo "2601"]
[PlyCount "121"]
[EventDate "1999.??.??"]
[Source "www.chesslib.no"]
[SourceDate "2004.05.04"]

1. Nc3 d5 2. e4 e6 3. f4 dxe4 4. Nxe4 Nd7 5. Nf3 Ngf6 6. Nf2 b6 7. g3 Bb7 8. Bg2 Bd6 9. O-O O-O 10. b3 c5 11. Bb2 Qc7 12. Qe2 Rfe8 13. Rae1 Re7 14. Ne5 Bxg2 15. Kxg2 Ne8 16. Qf3 Rc8 17. a4 a6 18. d3 b5 19. axb5 axb5 20. Re2 Ndf6 21. c4 Qb7 22. Qxb7 Rxb7 23. Ra1 Nd7 24. Ne4 bxc4 25. bxc4 Bf8 26. Ra5 Nef6 27. Nxd7 Nxd7 28. Bc3 Nb8 29. Ra8 Rd8 30. Rb2 Rxb2+ 31. Bxb2 Nc6 32. Rxd8 Nxd8 33. Kf3 f5 34. Nd2 Kf7 35. Nb3 Nc6 36. Ba3 Nb4 37. Bxb4 cxb4 38. Ke3 Bd6 39. Kd4 h6 40. c5 Bc7 41. Kc4 g5 42. fxg5 hxg5 43. Kxb4 f4 44. gxf4 g4 45. Nd2 Bxf4 46. Nf1 Kf6 47. Kb5 Ke5 48. Kc4 Kf5 49. Ng3+ Kg5 50. Kb5 Kh4 51. Kb6 Kh3 52. d4 Kxh2 53. Ne2 Bg5 54. c6 Bd8+ 55. Kb7 Kg2 56. Nf4+ Kf3 57. Nxe6 g3 58. Nxd8 g2 59. c7 g1=Q 60. c8=Q Qxd4 61. Qh3+ 1/2-1/2

[Event "Corr"]
[Site "?"]
[Date "1999.06.30"]
[Round "?"]
[White "Ekebjaerg Ove (DEN)"]
[Black "Kofidis Spyros (GRC)"]
[Result "1/2-1/2"]
[WhiteElo "2635"]
[BlackElo "2592"]
[PlyCount "73"]
[EventDate "1999.??.??"]
[Source "www.chesslib.no"]
[SourceDate "2004.05.04"]

1. Nc3 d5 2. e4 d4 3. Nce2 e5 4. Ng3 Be6 5. Nf3 f6 6. Be2 c5 7. O-O g6 8. Bb5+ Nd7 9. Qe2 Nh6 10. Bc4 Bxc4 11. Qxc4 Qe7 12. d3 Nf7 13. c3 Nd6 14. Qa4 b5 15. Qc2 Qe6 16. Bd2 Rc8 17. a4 b4 18. c4 h5 19. h3 Be7 20. Rae1 g5 21. Nh2 Nf8 22. Qd1 h4 23. Ne2 Ng6 24. Ng4 Nf7 25. Nc1 Rb8 26. b3 Kf8 27. Kh1 Kg7 28. Qf3 Nf4 29. Ne2 Rh7 30. Ng1 Rbh8 31. Bc1 Bd8 32. Qd1 Kf8 33. Nf3 Bc7 34. Kg1 Ke7 35. Bxf4 gxf4 36. Qe2 Rg8 37. Nfh2 1/2-1/2

[Event "World Ch XIV Final"]
[Site "Cork World Ch XIV Final"]
[Date "1994.??.??"]
[Round "?"]
[White "Ekebjaerg, Ove C"]
[Black "Webb, Simon"]
[Result "1-0"]
[WhiteElo "2590"]
[BlackElo "2635"]
[PlyCount "147"]
[EventDate "1994.??.??"]
[Source "www.chesslib.no"]
[SourceDate "2004.05.04"]

1. Nc3 d5 2. e4 d4 3. Nce2 e5 4. Ng3 Be6 5. Nf3 Nd7 6. c3 c5 7. Bb5 Bd6 8. b4 b6 9. O-O g6 10. bxc5 bxc5 11. d3 Qa5 12. c4 f6 13. Rb1 Ne7 14. Bh6 Rg8 15. h3 Qc7 16. Nh2 Nc6 17. Qf3 Bf8 18. Bd2 h5 19. Qe2 Bd6 20. Nf3 Nb6 21. Nh4 O-O-O 22. Rb3 Kb8 23. Rfb1 Ka8 24. a3 Bd7 25. a4 Nb4 26. a5 Nc8 27. Bxd7 Rxd7 28. Ra3 Ne7 29. a6 Nec6 30. Ra4 Qc8 31. Rba1 Rdd8 32. Nf3 Qd7 33. Ne1 Rb8 34. Bxb4 cxb4 35. R4a2 Rb6 36. Nf1 Nd8 37. Nd2 Ne6 38. Nb3 Rc6 39. Ra5 Rb8 40. Nf3 Bc7 41. R5a4 g5 42. g3 g4 43. Nh4 gxh3 44. Qxh5 Nc5 45. Nxc5 Rxc5 46. R4a2 Rc6 47. Kh2 Qe6 48. Qf5 Qd6 49. Qh7 Bd8 50. Qf7 b3 51. Nf5 Qe6 52. Qxe6 Rxe6 53. Rb2 Rbb6 54. Kxh3 Rxa6 55. Rxa6 Rxa6 56. Rxb3 Rb6 57. Ra3 Kb7 58. f4 Rb1 59. Kg4 Bc7 60. c5 a5 61. Ne7 Bd8 62. Nd5 Kc6 63. fxe5 fxe5 64. Kf5 Kxc5 65. Kxe5 Rd1 66. Ke6 Kc6 67. Nf4 Bc7 68. Ra4 Kb5 69. Rxd4 a4 70. Nd5 Rc1 71. Rb4+ Ka5 72. e5 a3 73. Rb7 Bb6 74. Nxb6 1-0

[Event "Vladislav Tkachiev (simultanee aveugle)"]
[Site "?"]
[Date "2004.02.11"]
[Round "1"]
[White "Tkachiev Vladislav"]
[Black "Gilles Yvonnet"]
[Result "1-0"]
[WhiteElo "2699"]
[BlackElo "2520"]
[PlyCount "43"]
[EventDate "2004.??.??"]
[Source "www.chesslib.no"]
[SourceDate "2004.05.04"]

1. Nc3 e5 2. d4 Nc6 3. d5 Nd4 4. e3 Qe7 5. exd4 exd4+ 6. Nce2 Nf6 7. Qxd4 c5 8. Qd1 Qe5 9. Nf3 Qf5 10. Nc3 d6 11. Bd3 Qg4 12. O-O c4 13. h3 Qh5 14. Bxc4 g5 15. Re1+ Kd8 16. Bxg5 Be7 17. Rxe7 Kxe7 18. Qe2+ Kf8 19. Bxf6 Bxh3 20. Qe7+ Kg8 21. Re1 Qg4 22. Qe8+ 1-0

[Event "corr. Chigorin Memorial"]
[Site "corr. Chigorin memorial"]
[Date "1992.??.??"]
[Round "?"]
[White "Ekebjaerg O.C"]
[Black "Veinger, Itzhak"]
[Result "1-0"]
[WhiteElo "2600"]
[BlackElo "2585"]
[PlyCount "39"]
[EventDate "1992.??.??"]
[Source "www.chesslib.no"]
[SourceDate "2004.05.04"]

1. Nc3 d5 2. e4 dxe4 3. Nxe4 f5 4. Ng3 e5 5. Bc4 g6 6. d3 Nc6 7. Nf3 Qd6 8. O-O Bd7 9. Ng5 Nh6 10. N5e4 fxe4 11. Nxe4 Qb4 12. c3 Qb6 13. Be3 Nd4 14. cxd4 Nf5 15. Bg5 Bg7 16. dxe5 Bxe5 17. Re1 Kf8 18. Qf3 h5 19. Nf6 Bc6 20. Rxe5 1-0

[Event "Corr"]
[Site "?"]
[Date "1999.06.30"]
[Round "?"]
[White "Ekebjaerg Ove (DEN)"]
[Black "Kamenets Anatoly V.(UKR)"]
[Result "1/2-1/2"]
[WhiteElo "2635"]
[BlackElo "2540"]
[PlyCount "71"]
[EventDate "1999.??.??"]
[Source "www.chesslib.no"]
[SourceDate "2004.05.04"]

1. Nc3 d5 2. e4 dxe4 3. Nxe4 Nd7 4. Bc4 e6 5. d3 Ngf6 6. Qe2 Nxe4 7. dxe4 Ne5 8. Nf3 Nxc4 9. Qxc4 Qd6 10. O-O Qc5 11. Qb3 Be7 12. Rd1 O-O 13. Be3 Qc6 14. Rd4 b6 15. Rad1 Ba6 16. Ne5 Qb5 17. Qxb5 Bxb5 18. c4 Be8 19. Nd7 Bxd7 20. Rxd7 Rfd8 21. Rxd8+ Rxd8 22. Rxd8+ Bxd8 23. b4 a6 24. b5 axb5 25. cxb5 f5 26. Kf1 Kf7 27. Ke2 fxe4 28. Bd4 Bf6 29. Ke3 Kg6 30. Bxf6 Kxf6 31. Kxe4 Ke7 32. Ke5 Kf7 33. h4 Ke7 34. h5 Kf7 35. g4 Ke7 36. f3 1/2-1/2

[Event "Corr"]
[Site "?"]
[Date "1999.06.30"]
[Round "?"]
[White "Ekebjaerg Ove (DEN)"]
[Black "Mohrlok Dieter (GER)"]
[Result "1/2-1/2"]
[WhiteElo "2635"]
[BlackElo "2533"]
[PlyCount "82"]
[EventDate "1999.??.??"]
[Source "www.chesslib.no"]
[SourceDate "2004.05.04"]

1. Nc3 d5 2. e4 e6 3. f4 dxe4 4. Nxe4 Nf6 5. Qe2 Be7 6. Nf3 O-O 7. d3 b6 8. g3 Bb7 9. Bg2 Nxe4 10. dxe4 Ba6 11. c4 Bb4+ 12. Kf2 Nc6 13. Rd1 Qe7 14. e5 f6 15. exf6 Qxf6 16. Ng5 Qxg5 17. Qxe6+ Kh8 18. Qxc6 Qe7 19. Be3 Rfe8 20. Bd4 Rad8 21. Bd5 Rd6 22. Qa4 Rh6 23. Be5 Rxh2+ 24. Kg1 Re2 25. Kh1 Bc8 26. a3 Bd2 27. Qc6 Bg4 28. Qxc7 Qxc7 29. Bxc7 R8e3 30. f5 Rb3 31. Rf1 h5 32. c5 Rxb2 33. Bc4 Re3 34. cxb6 axb6 35. Bd5 Ba5 36. Rac1 Rb5 37. Bf4 Rc3 38. Rxc3 Bxc3 39. Rc1 Rxd5 40. Rxc3 Bxf5 41. Be3 b5 1/2-1/2

[Event "World Ch XIV Final"]
[Site "Cork World Ch XIV Final"]
[Date "1994.??.??"]
[Round "?"]
[White "Ekebjaerg, Ove C"]
[Black "Oim, Tonu"]
[Result "1/2-1/2"]
[WhiteElo "2590"]
[BlackElo "2560"]
[PlyCount "38"]
[EventDate "1994.??.??"]
[Source "www.chesslib.no"]
[SourceDate "2004.05.04"]

1. Nc3 e5 2. Nf3 Nc6 3. d4 exd4 4. Nxd4 Nf6 5. Bg5 Bb4 6. Nxc6 bxc6 7. Qd4 Be7 8. e4 O-O 9. Bd3 h6 10. Bf4 d5 11. O-O dxe4 12. Qxd8 Rxd8 13. Nxe4 Nd5 14. Be5 Nb4 15. Rfd1 Nxd3 16. Rxd3 Rxd3 17. cxd3 Ba6 18. d4 Rd8 19. Nc5 Bxc5 1/2-1/2

[Event "01, Oostende Open"]
[Site "01, Oostende op"]
[Date "1992.??.??"]
[Round "?"]
[White "Rogers, Ian"]
[Black "Eingorn, Vereslav S"]
[Result "0-1"]
[WhiteElo "2550"]
[BlackElo "2580"]
[PlyCount "52"]
[EventDate "1992.??.??"]
[Source "www.chesslib.no"]
[SourceDate "2004.05.04"]

1. Nc3 d5 2. e4 d4 3. Nce2 g6 4. Ng3 Bg7 5. Bc4 Nc6 6. f4 Nf6 7. Nf3 O-O 8. c3 Nd7 9. O-O Nc5 10. f5 Na5 11. Bxf7+ Rxf7 12. Ng5 Rf8 13. Nxh7 Nxe4 14. Nxf8 Nxg3 15. hxg3 Bxf8 16. fxg6 Qd5 17. Rf4 Bg7 18. Rh4 Nc6 19. c4 Qg5 20. d3 Qxg3 21. Qf1 Be6 22. Rh5 Rf8 23. Qe2 Bg4 24. Qe4 Bxh5 25. Qd5+ e6 26. Qxh5 Qe1+ 0-1

[Event "years of BDF"]
[Site "corr years of BDF"]
[Date "1986.??.??"]
[Round "40"]
[White "Geet, Dick Daniel van"]
[Black "Oechslein, Rainer"]
[Result "1-0"]
[WhiteElo "2645"]
[BlackElo "2480"]
[PlyCount "53"]
[EventDate "1986.??.??"]
[Source "www.chesslib.no"]
[SourceDate "2004.05.04"]

1. Nc3 c5 2. Nf3 Nf6 3. d4 cxd4 4. Nxd4 d5 5. Bg5 Nc6 6. e4 dxe4 7. Nxc6 Qxd1+ 8. Rxd1 bxc6 9. a3 e5 10. Nxe4 Nd7 11. Be2 f6 12. Bh5+ Ke7 13. Be3 f5 14. Nd6 g6 15. Bf3 e4 16. Bd4 Rg8 17. Be2 Nb6 18. Bc5 Kf6 19. Ne8+ Kf7 20. Bxb6 Kxe8 21. Bc4 Rg7 22. Rd8+ Ke7 23. Ba5 g5 24. O-O Bb7 25. Rfd1 Rxd8 26. Bxd8+ Ke8 27. Bf6 1-0

[Event "Wch14 3/4F corr"]
[Site "Wch14 3/4F corr"]
[Date "1991.??.??"]
[Round "?"]
[White "Ekebjaerg, Ove C"]
[Black "Hamarat, Tunc"]
[Result "1/2-1/2"]
[WhiteElo "2575"]
[BlackElo "2545"]
[PlyCount "74"]
[EventDate "1991.??.??"]
[Source "www.chesslib.no"]
[SourceDate "2004.05.04"]

1. Nc3 d5 2. e4 c6 3. f4 dxe4 4. Nxe4 Nf6 5. Nf2 g6 6. Nf3 Bg7 7. g3 Be6 8. Bg2 Bd5 9. d3 c5 10. Qe2 Nbd7 11. O-O O-O 12. c4 Bc6 13. Be3 e6 14. d4 b6 15. Rad1 Qc7 16. Ne5 Bxg2 17. Kxg2 Rfd8 18. b3 Rac8 19. Qf3 Ne8 20. Nxd7 Rxd7 21. dxc5 bxc5 22. Rxd7 Qxd7 23. Rd1 Qc7 24. Ne4 Bf8 25. Bd2 Rd8 26. Bc3 Rxd1 27. Qxd1 Be7 28. Qf3 f6 29. Bb2 Kf7 30. g4 Nd6 31. Be5 fxe5 32. Nxd6+ Bxd6 33. fxe5+ Ke7 34. Qf6+ Kd7 35. exd6 Qxd6 36. Qg7+ Kc6 37. Qxa7 Qd2+ 1/2-1/2

[Event "Zlatibor"]
[Site "?"]
[Date "2006.08.29"]
[Round "4"]
[White "Ivanisevic Ivan"]
[Black "Popovic Dusan"]
[Result "1/2-1/2"]
[WhiteElo "2596"]
[BlackElo "2523"]
[PlyCount "44"]
[EventDate "2006.??.??"]
[Source "www.chesslib.no"]
[SourceDate "2004.05.04"]

1. Nc3 c5 2. Nf3 d6 3. d4 cxd4 4. Nxd4 Nf6 5. g3 Nc6 6. Bg2 Bd7 7. Nb3 g6 8. a4 Bg7 9. a5 O-O 10. O-O Qc8 11. Re1 Nb4 12. e4 Rd8 13. Bd2 Bh3 14. Ra4 Bxg2 15. Kxg2 Nc6 16. Qe2 e6 17. f4 Nd7 18. Nb5 Nf6 19. Nc3 Nd7 20. Nb5 Nf6 21. Nc3 Nd7 22. Nb5 Nf6 1/2-1/2

[Event "Zaragoza op 11th"]
[Site "?"]
[Date "1999.??.??"]
[Round "6"]
[White "Suba Mihail"]
[Black "Korneev Oleg"]
[Result "0-1"]
[WhiteElo "2580"]
[BlackElo "2530"]
[PlyCount "84"]
[EventDate "1999.??.??"]
[Source "www.chesslib.no"]
[SourceDate "2004.05.04"]

1. Nc3 e5 2. Nf3 Nc6 3. d4 exd4 4. Nxd4 Nf6 5. Bg5 Bb4 6. Qd3 O-O 7. O-O-O Bxc3 8. bxc3 h6 9. Bh4 d5 10. Nxc6 bxc6 11. Qd4 g5 12. Bg3 Qe7 13. f3 Re8 14. Bf2 Bf5 15. Qc5 Qe6 16. e3 Rab8 17. Qa3 Rb6 18. e4 dxe4 19. Bxb6 axb6 20. fxe4 Bxe4 21. Bd3 Bxd3 22. cxd3 Qe3+ 23. Kb1 Nd5 24. Rhe1 Qxe1 25. Rxe1 Rxe1+ 26. Kc2 Kg7 27. Qa8 Re2+ 28. Kb3 Rxg2 29. Qxc6 Nf4 30. Qxc7 Nxd3 31. Kc4 Nf4 32. a4 Rxh2 33. Qxb6 Ne6 34. a5 g4 35. a6 g3 36. Qb7 Rh4+ 37. Kb5 Rh5+ 38. Kb4 g2 39. a7 g1=Q 40. a8=Q Qb1+ 41. Ka3 Ra5+ 42. Qxa5 Qxb7 0-1

[Event "World Ch XIV Final"]
[Site "Cork World Ch XIV Final"]
[Date "1994.??.??"]
[Round "?"]
[White "Ekebjaerg, Ove C"]
[Black "Morgado, Juan Sebastian"]
[Result "1-0"]
[WhiteElo "2590"]
[BlackElo "2510"]
[PlyCount "87"]
[EventDate "1994.??.??"]
[Source "www.chesslib.no"]
[SourceDate "2004.05.04"]

1. Nc3 d5 2. e4 dxe4 3. Nxe4 Nd7 4. Bc4 Ndf6 5. Ng5 e6 6. d4 Bd6 7. Ne2 Ne7 8. O-O O-O 9. Bf4 Bd7 10. Re1 Ng6 11. Bg3 Bc6 12. Nc3 Bxg3 13. hxg3 Nd5 14. Nce4 h6 15. Nf3 Nf6 16. Nxf6+ Qxf6 17. c3 Rad8 18. Re3 Bd5 19. Bd3 Rfe8 20. Qc2 Ne7 21. Rae1 a6 22. Nd2 g6 23. Ne4 Qg7 24. Nc5 Nf5 25. Re5 Qf6 26. Bxf5 gxf5 27. c4 Bc6 28. Qc3 Kh7 29. Nd3 Be4 30. Nf4 c5 31. d5 exd5 32. Rxe8 d4 33. Nd5 Qg7 34. Rxd8 dxc3 35. Nxc3 Bc6 36. Rd3 b5 37. cxb5 axb5 38. Rd6 Ba8 39. Re7 b4 40. Ne2 Qf8 41. Red7 Qe8 42. Nf4 Bc6 43. Rd8 Qe4 44. Kh2 1-0

[Event "Polish Extraleague"]
[Site "Lubniewice"]
[Date "2003.09.06"]
[Round "8"]
[White "Mikhaletz, Lubomir"]
[Black "Macieja, Bartlomiej"]
[Result "1/2-1/2"]
[WhiteElo "2471"]
[BlackElo "2627"]
[PlyCount "82"]
[EventDate "2003.08.30"]
[Source "Roberto Alvarez"]
[SourceDate "2003.09.15"]

1. Nc3 d5 2. Nf3 Nf6 3. d3 Bg4 4. e3 e6 5. h3 Bh5 6. Be2 c5 7. Ne5 Bxe2 8. Qxe2 Bd6 9. Ng4 Nfd7 10. Bd2 Nc6 11. Nh2 Bxh2 12. Rxh2 O-O 13. g4 b5 14. a3 b4 15. axb4 cxb4 16. Na4 b3 17. c3 Qa5 18. Ra3 Rfb8 19. Kf1 Nc5 20. c4 Qa6 21. Nc3 Qb7 22. d4 Ne4 23. Nxe4 dxe4 24. Bc3 a5 25. f4 exf3 26. Qxf3 a4 27. Rf2 Ra7 28. Kg2 h6 29. h4 Nb4 30. Qxb7 Rbxb7 31. Bxb4 Rxb4 32. c5 Rc4 33. Kf3 Rc1 34. Rd2 Rb1 35. e4 Kf8 36. d5 Ke7 37. Rd4 exd5 38. exd5 Rxb2 39. Rdxa4 Rxa4 40. Rxa4 Rc2 41. d6+ Ke6 1/2-1/2

[Event "36th New York Masters"]
[Site "New York"]
[Date "2002.12.03"]
[Round "3"]
[White "Bonin, Jay R"]
[Black "Stripunsky, Alexander"]
[Result "0-1"]
[WhiteElo "2445"]
[BlackElo "2649"]
[PlyCount "130"]
[EventDate "2002.12.03"]
[Source "Roberto Alvarez"]
[SourceDate "2003.05.19"]

1. Nc3 d5 2. e4 dxe4 3. Nxe4 g6 4. d4 Bg7 5. Nf3 Nd7 6. Bc4 Nb6 7. Bb3 Nf6 8. Neg5 O-O 9. Ne5 e6 10. O-O Nbd5 11. c3 h6 12. Ngf3 Ne7 13. Bc2 b6 14. a4 a5 15. b3 Bb7 16. Re1 c5 17. Ba3 Qc7 18. Rc1 Ned5 19. Qd2 Rad8 20. Bb1 Nd7 21. Nxd7 Rxd7 22. Ne5 Rdd8 23. b4 Ne7 24. bxc5 bxc5 25. Qf4 Nd5 26. Qg3 cxd4 27. cxd4 Qb8 28. Bxf8 Rxf8 29. h4 Nf6 30. Ba2 Bd5 31. Bxd5 Nxd5 32. Nd7 Qxg3 33. fxg3 Bxd4+ 34. Kh2 Rd8 35. Ne5 Bc3 36. Re2 Rb8 37. Nc6 Rb3 38. Rec2 Bf6 39. Nxa5 Ra3 40. Nc4 Rxa4 41. Nd6 Be5 42. Nc4 Bc7 43. Kh3 h5 44. Ne3 Nxe3 45. Rxc7 Nf5 46. R7c4 Ra3 47. R1c3 Ra5 48. g4 hxg4+ 49. Kxg4 Re5 50. Kh3 Kg7 51. Rc5 Re4 52. R5c4 Re2 53. g4 Ne7 54. Rc5 Nd5 55. Rf3 Re4 56. Kg3 Nf6 57. Rf4 Re3+ 58. Rf3 Ne4+ 59. Kf4 Rxf3+ 60. Kxe4 Rh3 61. h5 gxh5 62. gxh5 Rh4+ 63. Kf3 Kh6 64. Rc7 f5 65. Re7 Re4 0-1

[Event "VIII Dos Hermanas Internet"]
[Site "ICC INT"]
[Date "2007.03.23"]
[Round "1.3"]
[White "Lenderman, A."]
[Black "Georgiev, Ki"]
[Result "0-1"]
[WhiteElo "2420"]
[BlackElo "2661"]
[PlyCount "180"]
[EventDate "2007.03.23"]
[Source "www.chesslib.no"]
[SourceDate "2004.05.04"]

1. Nc3 d5 2. e4 dxe4 3. Nxe4 Bf5 4. Qf3 Bxe4 5. Qxe4 c6 6. Bc4 Nf6 7. Qe2 e6 8. Nf3 Bd6 9. d4 Nbd7 10. c3 Qc7 11. Ng5 O-O 12. Bd2 h6 13. h4 Bf4 14. Bd3 Rfe8 15. O-O-O c5 16. dxc5 Nxc5 17. Bc2 Rad8 18. g3 Rxd2 19. Rxd2 Bxd2+ 20. Qxd2 Qc6 21. f3 hxg5 22. hxg5 Nfd7 23. b4 Qxf3 24. Qh2 Kf8 25. bxc5 Qxc3 26. g4 Qa1+ 27. Kd2 Qd4+ 28. Kc1 Nxc5 29. g6 Rd8 30. Kb1 Nd3 31. Bb3 fxg6 32. Rf1+ Ke7 33. Qd2 Qe5 34. Qg2 Rd7 35. Rd1 b5 36. Qc2 Nc5 37. Rxd7+ Kxd7 38. Qd2+ Ke7 39. Qa5 a6 40. Qb6 Qe1+ 41. Kc2 Qe2+ 42. Kb1 Qe1+ 43. Kc2 Qf2+ 44. Kb1 Qf1+ 45. Kc2 Nxb3 46. axb3 Qe2+ 47. Kb1 Qd1+ 48. Kb2 Qd2+ 49. Kb1 Qd6 50. Qf2 g5 51. Qa7+ Kf6 52. Qf2+ Qf4 53. Qb2+ e5 54. Qe2 e4 55. Qb2+ Qe5 56. Qf2+ Kg6 57. Qb6+ Kh7 58. Qe3 Qf4 59. Qe2 Qf3 60. Qh2+ Kg6 61. Qd6+ Kh7 62. Qh2+ Kg8 63. Qd6 Qxg4 64. Qe7 Qf5 65. Qe8+ Qf8 66. Qxe4 Qf7 67. Qa8+ Kh7 68. Qh1+ Kg6 69. Qc6+ Qf6 70. Qe8+ Kf5 71. Qd7+ Kf4 72. Qd2+ Kg3 73. Qe3+ Kh2 74. Qe2+ Kh3 75. Qe3+ Kh4 76. Qe1+ Kh5 77. Qh1+ Kg6 78. Qb7 Qf5+ 79. Kb2 g4 80. Qxa6+ Qf6+ 81. Qxf6+ Kxf6 82. Ka3 g3 83. Kb4 g2 84. Kxb5 g1=Q 85. Ka6 Qc5 86. b4 Qxb4 87. Ka7 Ke6 88. Ka8 Kd7 89. Ka7 Kc7 90. Ka8 Qa5# 0-1

[Event "ch-UKR, Ordzhonikidze UKR"]
[Site "?"]
[Date "2001.??.??"]
[Round "7"]
[White "Mikhaletz, L."]
[Black "Moiseenko, A."]
[Result "1-0"]
[WhiteElo "2485"]
[BlackElo "2580"]
[PlyCount "107"]
[EventDate "2001.??.??"]
[Source "www.chesslib.no"]
[SourceDate "2004.05.04"]

1. Nc3 d5 2. Nf3 d4 3. Ne4 f5 4. Ng3 Nf6 5. e3 dxe3 6. dxe3 Qxd1+ 7. Kxd1 g6 8. Bc4 Bg7 9. Ng5 Nc6 10. Bf7+ Kf8 11. Be6 h6 12. Bxc8 Rxc8 13. Ne6+ Kf7 14. Nxg7 Kxg7 15. Ke2 Rhd8 16. Bd2 e5 17. Rhd1 Kf7 18. a3 Ke6 19. Be1 a5 20. Rxd8 Rxd8 21. h4 a4 22. f3 h5 23. Bd2 Ne8 24. Nh1 Nd6 25. Nf2 b6 26. Nh3 Nc4 27. Bc3 Rd5 28. Ng5+ Ke7 29. b3 Nd6 30. bxa4 Rc5 31. Kd2 Rd5+ 32. Ke2 Rc5 33. Kd2 Rd5+ 34. Ke2 Nc4 35. g4 Rd8 36. gxf5 gxf5 37. f4 Ra8 38. Bb4+ Ke8 39. fxe5 Rxa4 40. Rf1 Nxa3 41. Bxa3 Rxa3 42. Rxf5 Ra2 43. Ne6 Rxc2+ 44. Kd1 Rh2 45. Rxh5 Kd7 46. Nf4 b5 47. e6+ Kc8 48. Nd5 b4 49. Rh7 b3 50. Rxc7+ Kd8 51. Rxc6 Rh1+ 52. Ke2 b2 53. e7+ Kd7 54. Rc7+ 1-0